| 000 | 00707nam a2200181 a 4500 | ||
|---|---|---|---|
| 005 | 20150722020002.0 | ||
| 008 | 140130b2008 ck ||||| |||| 00| 0 spa d | ||
| 041 | _aspa | ||
| 044 | _ack | ||
| 090 |
_aIAVH _b01276 |
||
| 100 |
_aRudas Lleras, Guillermo _95155 |
||
| 245 |
_aColombia: Indicadores de estado, presión y respuesta para el seguimiento de la Política Nacional de Biodiversidad _bPropuesta para el informe del EStado de la Biodiversidad en Colombia 2007-2008, con énfasis en la Orinoquia y el sistema de Parques Nacionales Naturales |
||
| 260 |
_aBogotá _bIAVH _c2008 |
||
| 300 | _a137 p. | ||
| 700 |
_aRodríguez, Nelly _92387 |
||
| 700 |
_aRomero Ruíz, Milton _92437 |
||
| 942 |
_cImpreso _06 _2z |
||
| 999 |
_c6813 _d6813 |
||